000 00611nam a22002177a 4500
003 UA-OsUOA
001 59934
007 ta
008 20090430b un ||||| |||| 00| 0 ukr d
100 _aДержавний комітет статистики України
090 _a330(477)
_bД36
942 _cSA
040 _aUA-OsUOA
_bukr
_cUA-OsUOA
_dUA-OsUOA
245 _aЕкономіка України за січень-березень 2009 року
300 _aС.7
955 _a0
041 _aukr
080 _a330(477)
773 0 _w59933
650 7 _a330 Економіка взагалі
_2UDC
999 _c345952
_d345952